Nostradamus y la guerra Islam-Occidente (Registro nro. 35521)

Detalles MARC
000 -CABECERA
Longitud fija campo de control 01039cam a2200289 a 4500
003 - • IDENTIFICADOR DELl NÚMERO DE CONTROL
Identificador del número de control CO-ViMGA
005 - • FECHA Y HORA DE LA ÚLTIMA TRANSACCIÓN
Fecha y hora de la última transacción 20230915233132.0
008 - • CÓDIGOS DE INFORMACIÓN DE LONGITUD FIJA
Códigos de información de longitud fija 040703s2004 ck a r 00010dspa d
020 ## - • NÚMERO INTERNACIONAL NORMALIZADO PARA LIBROS
Número Internacional Normalizado para Libros (ISBN) 9588160693
040 ## - FUENTE DE LA CATALOGACIÓN
Centro catalogador de origen CO-ViMGA
Lengua de catalogación spa
Centro transcriptor CO-ViMGA
082 04 - • NÚMERO DE LA CLASIFICACIÓN DECIMAL DEWEY
Número de clasificación (R) 133.3
Número del ítem E13n
100 10 - • PUNTO DE ACCESO PRINCIPAL-NOMBRE DE PERSONA
Nombre de persona Echeverri Uruburu, Gonzalo
245 10 - • TITULO PROPIAMENTE DICHO
Título Nostradamus y la guerra Islam-Occidente
Mención de responsabilidad, etc. Gonzalo Echeverri Uruburu ; investigacion grafica Juan David Giraldo ; editor Benjamn̕ Villegas
250 ## - • MENCIÓN DE EDICIÓN
Mención de edición 1a. ed.
300 ## - • DESCRIPCIÓN FÍSICA
Extensión 333 pg̀inas
Otras características físicas ilustraciones
Dimensiones 21 cm.
490 ## - • MENCIÓN DE SERIE
Mención de serie Coleccion dorada. Interes general
490 ## - • MENCIÓN DE SERIE
Mención de serie Villegas parapsicologia
500 ## - • NOTA GENERAL
Nota general Donacin̤ Villegas Editores
504 ## - • NOTA DE BIBLIOGRAFÍA, ETC
Nota de bibliografía, etc. Incluye bibliografa̕
600 14 - • PUNTO DE ACCESO ADICIONAL DE MATERIA - NOMBRE DE PERSONA
Nombre de persona Notredame, Michel de
Fechas asociadas al nombre 1503-1566
Subdivisión de materia general (R ) Profecias
650 14 - • PUNTO DE ACCESO ADICIONAL DE MATERIA - TÉRMINO DE MATERIA
Término de materia o nombre geográfico como elemento inicial Predicciones
Fuente del encabezamiento o término LEMB
650 14 - • PUNTO DE ACCESO ADICIONAL DE MATERIA - TÉRMINO DE MATERIA
Término de materia o nombre geográfico como elemento inicial Profeca̕s
Fuente del encabezamiento o término LEMB
700 10 - • PUNTO DE ACCESO ADICIONAL - NOMBRE DE PERSONA
Nombre de persona Giraldo, Juan David.
700 10 - • PUNTO DE ACCESO ADICIONAL - NOMBRE DE PERSONA
Nombre de persona Villegas, Benjamn̕
Fechas asociadas al nombre 1948-
Término indicativo de función editor
942 ## - ENTRADA DE ELEMENTOS AGREGADOS (KOHA)
Fuente de clasificaión o esquema Dewey Decimal Classification
Koha [por defecto] tipo de item LIbro
Existencias
Perdido Fuente de clasificación o esquema Estado Físico No para préstamo Forma de adquisición Localización permanente Localización actual Fecha adquisición Préstamos totales Signatura completa Código de barras Fecha última consulta Número de copia Fecha del precio de reemplazo Tipo de item de Koha
  Dewey Decimal Classification     Sala General Segundo Piso Biblioteca Pública Germán Arciniegas - Villavicencio Biblioteca Pública Germán Arciniegas - Villavicencio 05/24/2016   133.3 E13n 30075 05/24/2016 Ej. 1 05/24/2016 LIbro









Instituto Departamental de Cultura del Meta - Red Departamental de Bibliotecas Públicas del Meta.